Applications of secondary school mathematics
This digital document is an article from School Science and Mathematics, published by School Science and Mathematics Association, Inc. on December 1, 1999. The length of the article is 2018 words. The page length shown above is based on a typical 300-word page. The article is delivered in HTML forma...
Đã lưu trong:
| 格式: | 圖書 |
|---|---|
| 語言: | Undetermined |
| 出版: |
Reston, Virginia
The National Council of Teacher of Mathematics
1991
|
| 主題: | |
| 標簽: |
添加標簽
沒有標簽, 成為第一個標記此記錄!
|
| Thư viện lưu trữ: | Trung tâm Học liệu Trường Đại học Cần Thơ |
|---|
| LEADER | 00940nam a2200181Ia 4500 | ||
|---|---|---|---|
| 001 | CTU_29163 | ||
| 008 | 210402s9999 xx 000 0 und d | ||
| 082 | |a 510.712 | ||
| 082 | |b A648 | ||
| 245 | 0 | |a Applications of secondary school mathematics | |
| 245 | 0 | |c Edited by Joe Dan Austin | |
| 260 | |a Reston, Virginia | ||
| 260 | |b The National Council of Teacher of Mathematics | ||
| 260 | |c 1991 | ||
| 520 | |a This digital document is an article from School Science and Mathematics, published by School Science and Mathematics Association, Inc. on December 1, 1999. The length of the article is 2018 words. The page length shown above is based on a typical 300-word page. The article is delivered in HTML format and is available in your Amazon.com Digital Locker immediately after purchase. You can view it with any web browser. | ||
| 650 | |a Mathematics | ||
| 904 | |i Minh, 990312 | ||
| 980 | |a Trung tâm Học liệu Trường Đại học Cần Thơ | ||